Statistiques concernant Focus sur: Finwë - Tolkien

Cliquez ici pour prendre le quiz!

Statistiques générales

  • Ce quiz a été pris 6 fois
    (4 depuis la dernière actualisation)
  • Le résultat moyen est 14 sur 19

Statistiques - réponses

Informations recherchéesRéponses% Correct
Age durant lequel il vécutAnnée des Arbres
100%
EspèceElfe
100%
FilsFëanor
100%
Maison (lignée)Finwë (Tatyar)
100%
Première apparitionLe Silmarillion
100%
Couleur des cheveuxNoir
100%
Groupe de l'espèceNoldor
100%
Profession et titreRoi des Noldor
100%
ContréesValinor
100%
Finarfin
75%
Fingolfin
75%
EpousesMíriel
75%
CitéTirion
75%
Cuiviénen
50%
ForteresseFormenos
50%
Indis
50%
Findis
25%
FillesLalwendë
0%
Autre nomNoldóran
0%

Distribution des résultats

Percentile par nombre de réponses

% des personnes avec chaque résultat

Votre développement - résultats

Vous n’avez pas pris ce quiz depuis la dernière actualisation